Loading...
| Fine Arts - Visual Fine Arts | 0 | 5 | 1 | 0 | 45 | 86 | 108.00 | 4 | 5 |
| History - Other History | 0 | 3 | 0 | 0 | 30 | 113 | 119.33 | 1 | 3 |
| Religion | 0 | 3 | 0 | 1 | 30 | 113 | 118.67 | 3 | 3 |
| Philosophy | 0 | 3 | 1 | 0 | 25 | 77 | 92.33 | 1 | 3 |
| Fine Arts - Other Fine Arts | 1 | 1 | 0 | 0 | 25 | 52 | 91.50 | 1 | 2 |
| Literature - American Literature | 0 | 2 | 0 | 0 | 20 | 127 | 128.00 | 1 | 2 |
| Literature - World Literature | 1 | 0 | 0 | 0 | 15 | 51 | 51.00 | 1 | 1 |
| Fine Arts - Auditory Fine Arts | 0 | 1 | 0 | 0 | 10 | 144 | 144.00 | 0 | 1 |
| History - American History | 0 | 1 | 0 | 0 | 10 | 89 | 89.00 | 0 | 1 |
| History - European History | 0 | 1 | 0 | 0 | 10 | 125 | 125.00 | 0 | 1 |
| Literature - European Literature | 0 | 1 | 0 | 0 | 10 | 145 | 145.00 | 0 | 1 |
| Science - Biology | 0 | 1 | 0 | 1 | 10 | 89 | 89.00 | 0 | 1 |
| Science - Other Science | 0 | 1 | 0 | 1 | 10 | 128 | 128.00 | 0 | 1 |
| Social Science | 0 | 1 | 1 | 0 | 5 | 110 | 110.00 | 1 | 1 |
| Science - Physics | 0 | 0 | 0 | 0 | 0 | 0.00 | 0 | 0 | |
| History - World History | 0 | 0 | 1 | 0 | -5 | 0.00 | 0 | 0 | |
| Mythology | 0 | 0 | 2 | 0 | -10 | 0.00 | 0 | 0 |